Исаак Ньютон: 1643-1727: сборник статей к 300-летию со дня рождения; Ньютон и его значение в мировой науке: 1643-1943; Эфир, свет и вещество в физике Ньютона; Ньютонова теория пределов; Предшественники Ньютона в философии бесконечно малых; Многоугольник Ньютона и его роль в современном развитии математики; Работы Ньютона по геометрической оптике; Ньютон и развитие учения о рефракции света в земной атмосфере; Закон всемирного тяготения и теория движения Луны; Ньютонова теория приливов и фигуры Земли; Кометы и их значение в общей системе ньютоновых "Начал"; Ньютон о подобии; Ньютон-историк древности; Ньютон и изучение его трудов в России; Ньютон и русское естествознание; Ньютон в истории русской культуры; К вопросу о влиянии Ньютона на французскую науку (спор ньютонианцев с картезианцами); Кэмбриджский университет и Ньютон; Портреты Исаака Ньютона
| Ente Autore: | |
|---|---|
| Altri autori: | |
| Riassunto: | Подписано в печать 10/IX-1943 г. |
| Lingua: | russo |
| Pubblicazione: |
Москва, Изд-во Академии наук СССР, 1943
|
| TOC: | А. Н. Крылов, Ньютон и его значение в мировой науке: 1643-1943; С. И. Вавилов, Эфир, свет и вещество в физике Ньютона; Н. Н. Лузин, Ньютонова теория пределов; С. Я. Лурье, Предшественники Ньютона в философии бесконечно малых; Н. Г. Чеботарев, Многоугольник Ньютона и его роль в современном развитии математики; Г. Г. Слюсарев, Работы Ньютона по геометрической оптике; И. А. Хвостиков, Ньютон и развитие учения о рефракции света в земной атмосфере; Н. И. Идельсон, Закон всемирного тяготения и теория движения Луны; Л. Н. Сретенский, Ньютонова теория приливов и фигуры Земли; А. Д. Дубяго, Кометы и их значение в общей системе ньютоновых "Начал"; М. В. Кирпичев, Ньютон о подобии; С. Я. Лурье, Ньютон-историк древности; Т. П. Кравец, Ньютон и изучение его трудов в России; Т. И. Райнов, Ньютон и русское естествознание; А. М. Деборин, Ньютон в истории русской культуры; А. Д. Люблинская, К вопросу о влиянии Ньютона на французскую науку (спор ньютонианцев с картезианцами); Е. Ч. Скржинская, Кэмбриджский университет и Ньютон; П. М. Дульский, Портреты Исаака Ньютона; |
| Soggetti: | |
| Natura: | MixedMaterials Libro |
| KOHA link: | https://koha.lib.tpu.ru/cgi-bin/koha/opac-detail.pl?biblionumber=199361 |
MARC
| LEADER | 00000nam0a2200000 4500 | ||
|---|---|---|---|
| 001 | 199361 | ||
| 005 | 20231101224857.0 | ||
| 010 | |b 3000 экз. | ||
| 035 | |a (RuTPU)RU\TPU\book\217389 | ||
| 090 | |a 199361 | ||
| 100 | |a 20110803d1943 m y0rusy50 ca | ||
| 101 | 0 | |a rus | |
| 102 | |a RU | ||
| 105 | |a c z 011zb | ||
| 200 | 1 | |a Исаак Ньютон: 1643-1727 |e сборник статей к 300-летию со дня рождения |f Академия наук СССР (АН СССР) ; под ред. акад. С. И. Вавилова | |
| 210 | |a Москва |c Изд-во Академии наук СССР |d 1943 |a Ленинград | ||
| 215 | |a 437 с. |c портр. | ||
| 300 | |a Подписано в печать 10/IX-1943 г. | ||
| 316 | |5 63413507: 250//635 |a Типографский брак переплета | ||
| 320 | |a Библиогр. в примеч. в конце ст. | ||
| 320 | |a Источники заставок и концовок, помещенных в сборнике: с. 428 | ||
| 320 | |a Указ. имен: с. 429-437 | ||
| 464 | |t Ньютон и его значение в мировой науке: 1643-1943 |f А. Н. Крылов | ||
| 464 | |t Эфир, свет и вещество в физике Ньютона |f С. И. Вавилов | ||
| 464 | |t Ньютонова теория пределов |f Н. Н. Лузин | ||
| 464 | |t Предшественники Ньютона в философии бесконечно малых |f С. Я. Лурье | ||
| 464 | |t Многоугольник Ньютона и его роль в современном развитии математики |f Н. Г. Чеботарев | ||
| 464 | |t Работы Ньютона по геометрической оптике |f Г. Г. Слюсарев | ||
| 464 | |t Ньютон и развитие учения о рефракции света в земной атмосфере |f И. А. Хвостиков | ||
| 464 | |t Закон всемирного тяготения и теория движения Луны |f Н. И. Идельсон | ||
| 464 | |t Ньютонова теория приливов и фигуры Земли |f Л. Н. Сретенский | ||
| 464 | |t Кометы и их значение в общей системе ньютоновых "Начал" |f А. Д. Дубяго | ||
| 464 | |t Ньютон о подобии |f М. В. Кирпичев | ||
| 464 | |t Ньютон-историк древности |f С. Я. Лурье | ||
| 464 | |t Ньютон и изучение его трудов в России |f Т. П. Кравец | ||
| 464 | |t Ньютон и русское естествознание |f Т. И. Райнов | ||
| 464 | |t Ньютон в истории русской культуры |f А. М. Деборин | ||
| 464 | |t К вопросу о влиянии Ньютона на французскую науку (спор ньютонианцев с картезианцами) |f А. Д. Люблинская | ||
| 464 | |t Кэмбриджский университет и Ньютон |f Е. Ч. Скржинская | ||
| 464 | |t Портреты Исаака Ньютона |f П. М. Дульский | ||
| 600 | 1 | |a Ньютон |b И. |c английский математик |c механик |c астроном |c физик |f 1642-1726 |g Исаак |2 stltpush |3 (RuTPU)RU\TPU\pers\346 |9 170 | |
| 606 | 1 | |a Физики |x Персоналии |2 stltpush |3 (RuTPU)RU\TPU\subj\67452 |9 83245 | |
| 610 | 1 | |a математика | |
| 610 | 1 | |a физика | |
| 610 | 1 | |a астрономия | |
| 610 | 1 | |a история науки | |
| 610 | 1 | |a ученые | |
| 610 | 1 | |a биографии | |
| 610 | 1 | |a 17 век | |
| 610 | 1 | |a коллекция: 1941-1945 гг. | |
| 675 | |a 53(092) |v 3 | ||
| 702 | 1 | |a Вавилов |b С. И. |c российский ученый, физик |f 1891-1951 |g Сергей Иванович |2 stltpush |3 (RuTPU)RU\TPU\pers\476 |4 340 | |
| 712 | 0 | 2 | |a Академия наук СССР (АН СССР) |2 stltpush |3 (RuTPU)RU\TPU\col\722 |
| 801 | 1 | |a RU |b 63413507 |c 20110803 | |
| 801 | 2 | |a RU |b 63413507 |c 20200420 |g RCR | |
| 942 | |c BK | ||